Historia de Grecia: desde los comienzos hasta la época imperial romana

Guardat en:
Dades bibliogràfiques
Autor principal: Bengtson, Hermann (Autor)
Format: Llibre
Idioma:espanyol
Publicat: Madrid, España Gredos 1986
Matèries:
Etiquetes: Afegir etiqueta
Sense etiquetes, Sigues el primer a etiquetar aquest registre!

MARC

LEADER 00000nam a2200000 a 4500
001 UCW9368
003 CL-VaPUC
005 20210604001532.0
008 890331e19860000SP |||||||||||||||||spa|d
999 |c 221368  |d 221366 
040 |c Pontificia Universidad Católica de Valparaíso 
082 0 4 |a 938 BEN 1986  |2 21 
100 0 |a Bengtson, Hermann  |e author  |9 314624 
245 1 0 |a Historia de Grecia:  |b  desde los comienzos hasta la época imperial romana 
260 |a Madrid, España  |b Gredos  |c 1986 
300 |a 499 páginas 
583 |a last modification  |c 19890331 00:00:00  |k Rodrigo Vera 
650 0 |a Historia  |z GRECIA  |9 255047 
942 |c BK  |2 ddc 
945 |d 19890331 00:00:00 
952 |0 0  |1 0  |2 ddc  |4 0  |6 938_000000000000000_BEN_1986  |7 0  |8 R  |9 214604  |a BIBHIS  |b BIBHIS  |d 2019-11-15  |i 2831724  |l 2  |o 938 BEN 1986  |p 2831724  |r 2024-01-30  |s 2023-03-16  |t 1  |w 2019-11-15  |y BK_R  |k HIS